| 000 | 00000nam##2200000za#4500 |
| 001 | 9.640993 |
| 003 | CaOODSP |
| 005 | 20250506145323 |
| 007 | cr ||||||||||| |
| 008 | 150407|1980||||xxc|||||o f|0| 0 fre|d |
| 040 | |aCaOODSP|bfre |
| 043 | |an-cn--- |
| 086 | 1 |aA15-1712/1980F-PDF |
| 110 | 1 |aCanada.|bAgriculture Canada. |
| 245 | 10|aProduction et utilisation d'alcool combustible à la ferme : |h[ressource électronique]|bpossibilités et obstacles |
| 260 | |aOttawa - Ontario : |bAgriculture Canada |cc1980. |
| 300 | |a14p.|bfigure, glossaire, tableau |
| 500 | |aPublication 1712 F. Le n° de catalogue (A15-1712/1980F) et l'ISBN (0-662-50933-1) copiés dans cette édition PDF sont incorrects. |
| 590 | |a12-42-Supp|b2012-11-21 |
| 691 | 07|aProduit agro-alimentaire|2gcpds |
| 775 | 08|tFarm-scale production and use of fuel alcohol : |w(CaOODSP)9.696913 |
| 856 | 40|ahttp://publications.gc.ca|qPDF|s711 Ko|uhttps://publications.gc.ca/collections/collection_2012/agr/A15-1712-1980-fra.pdf |